| 000 | 00426nam a2200157Ia 4500 | ||
|---|---|---|---|
| 020 | _a(pbk) | ||
| 082 |
_a297 _bHAS |
||
| 100 |
_aHassan, Hussain Hamid _937224 |
||
| 245 | _aThe Foundation of authority in the Islamic state | ||
| 260 |
_aIslamabad: _bDawah Academy, _c1989 |
||
| 300 |
_a41p. _c22cm. |
||
| 526 |
_a0 _b0 _c0 _d297_000000000000000_HAS |
||
| 650 |
_aIslam and State _9292 |
||
| 650 |
_aMCE _9379 |
||
| 942 |
_2ddc _cBK |
||
| 999 |
_c550332 _d550332 |
||